|
|
|
|
| LEADER |
00000nam a22000007a 4500 |
| 005 |
20211007220052.0 |
| 007 |
cr|||| |||| |
| 008 |
211007s2020 co |||||s|||| 00||0 spa d |
| 020 |
|
|
|a 9789587749915
|
| 035 |
|
|
|a 35223
|
| 040 |
|
|
|a vLex
|
| 090 |
|
|
|c 12513
|d 12513
|
| 100 |
1 |
|
|a van Hoof, Bart
|
| 245 |
1 |
0 |
|a Transformacin̤ productiva de los agronegocios
|h [Recurso electrn̤ico] :
|b La experiencia de mas maran̨̤ vichada /
|c Bart van Hoof, Juanita Duque, Javier Orduz, Henry Gomez, Mňdez Carolina
|
| 256 |
|
|
|a Servicio en ln̕ea
|
| 260 |
|
|
|a Bogot:̀
|b Universidad de Los Andes (Colombia),
|c 2020
|
| 300 |
|
|
|a 1 recurso electrn̤ico
|
| 506 |
1 |
|
|a Disponible solo en los productos indicados
|d vLex Global
|d vLex Global (Academic Edition, excluding Law Schools)
|d vLex Global (U.S. Academic Edition, Law Schools)
|d vLex Global (U.S. Academic Edition, excluding Law Schools)
|d vLex Global (Academic Edition, Law Schools)
|
| 650 |
0 |
4 |
|a Derecho Pb︢lico y Administrativo
|z Colombia
|
| 700 |
1 |
|
|a Duque, Juanita
|
| 700 |
1 |
|
|a Orduz, Javier
|
| 700 |
1 |
|
|a Gomez, Henry
|
| 700 |
1 |
|
|a Carolina, Mňdez
|
| 740 |
0 |
|
|a vLex Libros (Servicio en ln̕ea)
|
| 856 |
4 |
0 |
|u https://app.vlex.com/#/sources/35223
|z Acceso restringido
|
| 942 |
|
|
|c BOOK
|
| 999 |
0 |
|
|a Public and Administrative Law
|